Test pamięci krótkotrwałej - losowe obrazy - Statystyki

Ogólne statystyki
  • Ten quiz został rozwiązany 443 razy
  • Średni wynik to 8 z 16
Odpowiedzi na mapie
Odpowiedzi zakodowano w zielono-czerwonej skali na mapie do tego quizu, zgodnie z poniższymi procentami.
 
Statystyki odpowiedzi
ODPOWIEDŻ % Poprawnych
Mikołaj
84%
lekarz
83%
jednorożec
78%
usa
77%
żaba
77%
góra
76%
stop
76%
okno
73%
ninja
71%
Szef
68%
Artysta
67%
czarodziej
63%
kaktus
63%
tygrys
63%
hotel
62%
drabina
61%
kangur
60%
małpa
60%
marchewka
60%
świnia
60%
korona
59%
królik
59%
tęcza
59%
wielbłąd
59%
pies
58%
wąż
58%
stopa
57%
diament
56%
koń
56%
ślimak
56%
rekin
54%
Krowa
53%
parasol
53%
krokodyl
52%
biedronka
51%
goryl
50%
krzesło
50%
oczy
50%
świeca
50%
piła
49%
Miłość
48%
pająk
48%
paw
48%
plaster
48%
bumerang
47%
kostka
47%
żyrafa
47%
ołówek
46%
samolot
46%
słoń
46%
usta
46%
balon
45%
wieloryb
45%
flaming
44%
Jabłko
44%
łóżko
44%
Pszczoła
44%
drzewo
43%
ręka
42%
Kukurydza
41%
kaczka
40%
klucz
40%
księżyc
40%
róża
40%
ryba
40%
mysz
39%
żarówka
39%
dynia
38%
fala
38%
nietoperz
38%
pingwin
38%
telefon
38%
kość
37%
rakieta
37%
żółw
37%
rower
36%
nożyce
34%
Szopa
34%
winogrono
33%
klaskanie
32%
dzwonek
31%
Koszykówka
31%
wiśnia
31%
kamera
28%
łódż
28%
owca
28%
kurczak
27%
topór
26%
zamek
25%
uszy
24%
muzyka
18%
śmigłowiec
12%
Poczta
7%
Nie znaleziono quizów pasujących do podanych kryteriów
Rozkład punktacji
Procent ludzi z każdym wynikiem
Percentyl według liczby udzielonych odpowiedzi
Twoja historia wyników
Nie rozwiązałeś tego quizu